00879nam a2200265Ia 450000500170000000800410001702000150005810000290007324500720010225000190017430000270019349000140022049000240023465000380025865000420029665000360033865000360037470000360041026400330044633600270047933700330050633800280053904000350056708400110060220220317000736.0160601s2004 ck g 000 0 spa  a95863922791 aJelinek, Elfrieded1946-13aLa pianista cElfriede Jelinek ; traducción de Pablo Diener Ojeda a1a. edición  a283 páginas c22 cm  aNarrativa aNarrativa Mondadori142LEMBaNovela austriaca ySiglo XX142LEMBaLiteratura austriaca ySiglo XX142LEMBaMujeres en la literatura 142LEMBaSoledad en la literatura 1 aDiener Ojeda, Pabloetraductor  aBogotá bMondadoric[2004] atextobtxt2rdacontent asin mediaciónbn2rdamedia avolumenbnc2rdacarrier aCO-BoRNBPbspaerdacCO-BoRNBP aN JEL1